Times sulistas com mais participações no Brasileirão - Statistics

Estatísticas Gerais
  • Esse quiz foi jogado 130 vezes
    46 desde o último reset
  • A pontuação média é 15 de 20
Estatísticas das Respostas
Participações Última participação Divisão atual Cidade Melhor colocação Resposta % Correto
66 2026 Série A Porto Alegre Campeão (2 vezes) Grêmio
100%
60 2026 Série A Porto Alegre Campeão (3 vezes) Internacional
100%
11 2022 Série B Florianópolis 6° colocado (2009) Avaí
98%
4 1979 Série C Caxias do Sul 15° colocado (2 vezes) Caxias
98%
10 2026 Série B Chapecó 8° colocado (2017) Chapecoense
98%
43 2026 Série A Curitiba Campeão (1985) Coritiba
98%
20 2025 Série B Caxias do Sul 7° colocado (2 vezes) Juventude
98%
7 1982 Série B Londrina 4° colocado (1977) Londrina
98%
14 2024 Série B Criciúma 9° colocado (1986) Criciúma
96%
17 2016 Série C Florianópolis 7° colocado (2 vezes) Figueirense
96%
12 2015 Série D Joinville 8° colocado (1985) Joinville
96%
16 2018 Sem divisão nacional Curitiba 5° colocado (2006) Paraná
96%
49 2026 Série A Curitiba Campeão (2001) Athletico Paranaense
93%
6 1982 Sem divisão nacional Maringá 16° colocado (2 vezes) Grêmio Maringá
91%
4 1985 Série D Pelotas 3° colocado (1985) Brasil de Pelotas
89%
5 1983 Extinto Curitiba 15° colocado (1983) Colorado
31%
2 1985 Extinto Curitiba 33° colocado (1985) Pinheiros
20%
5 1968 Licenciado Criciúma 5° colocado (1968) Metropol
13%
3 1982 Sem divisão nacional Rio Grande 31° colocado (1982) São Paulo-RS
13%
3 1967 Extinto Curitiba 9° colocado (1966) Ferroviário-PR
9%
Nenhum quiz correspondente encontrado
Distribuição das Pontuações
Porcentagem de Pessoas com Cada Pontuação
Percentil de Números Respondidos
Sua Pontuação Histórica
Você não jogou esse quiz desde o último reset